Hydraulické a pneumatické mechanizmy v automatizácii

Podrobná bibliografia
Hlavný autor: Panda, Anton, 1963- (Autor)
Médium: Program E-kniha
Jazyk:slovenčina
Fyzický popis:1 elektronický optický disk (CD-ROM) sch., tab. 12 cm
Vydavateľské údaje: Košice Technická univerzita 2010
ISBN:9788055303789
Vydanie:1. vyd.
Predmet:

MARC

LEADER 00000nam a2200000 a 4500
001 vtls010178286
003 SK-MaSNL
005 20260301031153.0
007 co bg auuua
008 240318s2010 xo l fsp 000 0 slo
015 |a SNBS2010 
020 |a 9788055303789  |q (elektronická kniha) 
040 |a SNK  |b slo  |c SNK  |e AACR2 
041 0 |a slo 
044 |a xo  |c SK 
072 7 |a 62  |x Technika všeobecne  |2 konspekt 
080 |a 62-522  |2 2002 
080 |a 621.22  |2 2002 
080 |a 621.51/.54  |2 2002 
080 |a 681.5  |2 2002 
080 |a (075.8)  |2 2002 
080 |a (0.034.44)  |2 2002 
100 1 |a Panda, Anton,  |d 1963-  |4 aut  |9 120458 
245 1 0 |a Hydraulické a pneumatické mechanizmy v automatizácii  |h elektronický zdroj  |c Anton Panda 
250 |a 1. vyd. 
260 |a Košice  |b Technická univerzita  |c 2010 
300 |a 1 elektronický optický disk (CD-ROM)  |b sch., tab.  |c 12 cm 
500 |a Názov z titulnej obrazovky 
516 |a Textový dokument (učebnica), 1 súbor vo formáte pdf 
538 |a Technické požiadavky: Adobe Reader 
650 0 7 |a tekutinové mechanizmy  |2 SNKPH  |9 69339 
650 0 7 |a hydraulické mechanizmy  |2 SNKPH  |9 68067 
650 0 7 |a pneumatické mechanizmy  |2 SNKPH  |9 67871 
650 0 7 |a automatizácia  |2 SNKPH  |9 1428 
650 0 7 |a Fluid mechanisms  |2 SNKPHeng  |9 326196 
650 0 7 |a Hydraulic mechanisms  |2 SNKPHeng  |9 319254 
650 0 7 |a Pneumatic mechanisms  |2 SNKPHeng  |9 326197 
650 0 7 |a Automation  |2 SNKPHeng  |9 277006 
655 7 |a elektronické zdroje  |2 SNKPH  |9 90954 
655 7 |a CD-ROM  |2 SNKPH  |9 70236 
655 7 |a učebnice vysokých škôl  |2 SNKPH  |9 70191 
655 7 |a Electronic resources  |2 SNKPHeng  |9 175546 
655 7 |a Textbooks (higher)  |2 SNKPHeng  |9 276436 
919 |a 978-80-553-0378-9 
999 |c 576091  |d 578021 
952 |a SNK  |b SNK  |y PREZ  |7 0  |p 17A0674978  |o snkSCDM 4321  |i snk2010/22227  |8 0  |0 0  |1 0  |4 0  |d 2010-10-13  |l 0  |r 2026-02-23 14:32:25  |w 2026-02-23